Control de vibraciones en entrepisos de acero de sección compuesta

Salvato in:
Dettagli Bibliografici
Autore principale: González Gazel, Jorge
Natura: Libro
Pubblicazione: San José, C.R 2000
Soggetti:
Tags: Aggiungi Tag
Nessun Tag, puoi essere il primo ad aggiungerne!!

MARC

LEADER 00000nam a2200000Ia 4500
003 010172
005 20221231144208.0
008 140114s2000 cr a m 000 ||s d
040 |c cru CEDI 
090 |a TFG 4177 
100 |a González Gazel, Jorge  |9 8161 
245 |a Control de vibraciones en entrepisos de acero de sección compuesta 
260 |c 2000  |a  San José, C.R 
300 |a  175 hojas : ilustraciones  
500 |a  Proyecto de graduación (licenciatura en ingeniería civil)--Universidad de Costa Rica. Facultad de Ingeniería. Escuela de Ingenieria Civil 
650 |x VIBRACION (INGENIERIA)   |x EDIFICIOS   |x DISEÑO Y CONSTRUCCION  |9 8162 
942 |c TFG 
999 |c 18280  |d 18280